000 00834nmm a2200265 a 4500
001 ocm000607259
003 TR-IsHL
005 20201028133025.0
008 131121s1993 tu tur
007 cr cn
020 _a9789757812142
035 _a607259
_b(N$T)
050 0 4 _aPL248.Ç55
_bB5 1993
090 0 4 _aPL248.Ç55
_bB5 1993
100 1 _aÇiltaş, Süleyman
245 1 0 _aBinboğalı kökçüler
_h[electronic resource] /
_cSüleyman Çiltaş
260 _aİstanbul :
_bCan Yayınları,
_c1993
300 _a736 p.
650 4 _aDil ve Edebiyat
650 4 _aLanguage and Literature
650 0 _aTürk romanı
650 0 _aTurkish fiction
650 7 _aLITERARY COLLECTIONS / Middle Eastern
_2bisacsh
856 4 0 _uhttp://search.ebscohost.com/login.aspx?direct=true&scope=site&db=e011xww&AN=607259
999 _c5414
_d5414